| 000 | 00883nam a2200253Ia 4500 | ||
|---|---|---|---|
| 003 | OSt | ||
| 005 | 20221005104156.0 | ||
| 006 | a|||||r|||| 00| 0 | ||
| 007 | ta | ||
| 008 | 221004b |||||||| |||| 00| 0 hin d | ||
| 024 | _a113757 | ||
| 037 | _cTextual | ||
| 040 |
_aCRL _cCRL _bhin |
||
| 041 |
_2hin _ahin |
||
| 082 | _aXv1'N5, 152L2 | ||
| 100 | _aसिन्हा, वी0 सी0 | ||
| 245 | 0 | _aआर्थिक विचारो का इतिहास | |
| 246 | _aĀrthik vichāro kā itihāsa | ||
| 260 |
_aदिल्ली _bनेशनल पब्लिशिंग हाउस भारत _c1972 |
||
| 650 | _aअर्थशास्त्र | ||
| 700 | _a सिधई, जी0 सी0 | ||
| 942 |
_hXv1'N5, 152L2 _cTEXL _2cc |
||
| 999 |
_c1011947 _d1011947 |
||